| 000 | 02210nam a22003377a 4500 | ||
|---|---|---|---|
| 005 | 2009081301331.0 | ||
| 008 | 090728t xxu||||| |||| 00| 0 pun d | ||
| 010 | _aPUN-6424 B-395931-935 | ||
| 020 |
_a9788171427451 _c160.00 |
||
| 020 |
_a8171427456 _c160.00 |
||
| 035 | _aPN-5542 B-395931-935 | ||
| 037 | _bDBAD / VEN ਲੋਕਗੀਤ ਪ੍ਰਕਾਸ਼ਨ | ||
| 040 |
_adpl _bpn |
||
| 082 | _aਕ | ||
| 100 |
_aਚਾਂਦ 'ਦੀਪਿਕਾ' _92126 |
||
| 245 |
_aਮੇਰਾ ਘਰ ਕਿੱਥੇ ਹੈ / _cਚਾਂਦ ' ਦੀਪਿਕਾ' |
||
| 246 |
_aMera Ghar Kithe Hai / _bby Chand 'Dipika' |
||
| 260 |
_aਚੰਡੀਗਡ਼ _bਲੋਕਗੀਤ ਪ੍ਕਾਸ਼ਨ _c2009 |
||
| 270 |
_a26-27, sector-34-A, _bChandigarh- _e160022 _k0172-5077427,5077428 |
||
| 300 |
_a160 ਸਫੇ _b22 ਸੇਮੀ (ਸਜਿਲਦ) |
||
| 650 |
_aਪੰਜਾਬੀ ਕਹਾਣੀਯਾਂ _91515 |
||
| 650 |
_aPunjabi Stories _9732 |
||
| 942 |
_2ddc _cPN _hਕ _mਚਾਂਦਦੀ |
||
| 999 |
_c29180 _d29180 |
||